BIBLIOTHÈQUE DE LA MAISON DU MEXIQUE

Logo 1 Logo 2

Guía de los archivos históricos de la Universidad Iberoamericana (notice nᵒ 1921)

détails MARC
000 -Sello discográfico
campo de control de longitud fija 01195nam a2200325 4500
005 - Identificación de versión
campo de control 20251016083144.0
010 ## - Número Estándar Internacional de Libros (ISBN)
Número (ISBN) 96-88591-78-5
035 ## - Otros números de control del sistema
Número de control del sistema 22553
099 ## - fechas locales
Tipo de ítem Koha LIBRO
100 ## - Datos de procesamiento general
Datos de procesamiento general 19970731d1994 m y1spay5003 ba
101 1# - Idioma del recurso
Idioma del texto, banda sonora, etc. Español; Castellano
-- Inglés
105 ## - Campo de datos codificados: Material textual, monográfico
Datos codificados de monografía a 001zy
200 1# - Título y mención de responsabilidad
Título propio Guía de los archivos históricos de la Universidad Iberoamericana
Designación general del material texto impreso
Primer mención de responsabilidad Publicado por la Biblioteca Francisco Javier Clavigero
Declaración de responsabilidad subsiguiente edición María Eugenia Ponce
210 ## - Publicación, distribución, etc.
Lugar de publicación, distribución, etc. México
Nombre del editor, distribuidor, etc. Universidad Iberoamericana, Biblioteca Francisco Javier Clavigero
Fecha de publicación, distribución, etc. 1994
215 ## - Descripción física
Designación de material específico y extensión del ítem 157 p
Otras características físicas il.
Dimensiones 24 cm
300 ## - Notas generales
Texto de la nota Edición bilingüe español-inglés
345 ## - Nota de información de adquisición
Fuente de adquisición/dirección de la suscripción [OBSOLETO] Donación de la UIA
607 ## - Nombre geográfico utilizado como tema
Elemento de entrada México
Subdivisión temática Historia eclesiástica
-- Fuentes
Número Koha 4734
607 ## - Nombre geográfico utilizado como tema
Elemento de entrada México
Subdivisión temática Historia
-- Fuentes
Número Koha 761
660 ## - Código de área geográfica
Código MX
702 ## - Nombre personal - Responsabilidad secundaria
Elemento de entrada Ponce Alcocer
Parte del nombre distinta del elemento de entrada María Eugenia
Fechas 1955-
Número Koha 4735
710 ## - Nombre de entidad corporativa - Responsabilidad primaria
Elemento de entrada Universidad Iberoamericana
Subdivisión Biblioteca Francisco Javier Clavigero (México)
Número Koha 4736
801 #0 - Fuente de origen
Agencia cm
900 ## -
-- 1/14396
900 ## -
-- 710973880\\310797
942 ## - ELEMENTOS DE ENTRADA SECUNDARIOS (KOHA)
Tipo de ítem Koha Livre
996 ## -
-- MEX
-- 751145101
-- MMAG
-- 009210
-- 016.97 U588G
-- 20231201LIV
Exemplaires
Estatus retirado Estado de daño Estado de pérdida Fecha de adquisición Biblioteca de origen Biblioteca actual Ubicación en estantería Código de barras Precio de reemplazo Signatura topográfica completa No para préstamo Tipo de ítem Koha Nota pública Nota no pública
      05/08/2025 Casa México Paris Casa México Paris   009210 05/08/2025 016.97 U588G   Livre 20231201LIV 751145101